000 00697nam a22002177a 4500
999 _c7964
_d7964
003 OSt
005 20220809155601.0
008 220809b ||||| |||| 00| 0 eng d
020 _a9780231166614
040 _cNLM
082 _aQV766
_bC452n 2016
100 _aChoffnes, Dan
_916175
245 _aNature's pharmacopeia :
_ba world of medicinal plants
260 _aNew York :
_bColumbia University Press,
_c2016
300 _aix, 332 pages :
_b illustrations ;
_c 28 cm
504 _aIncludes bibliographical references and index.
650 _aPlants, Medicinal.
_91583
650 _aEthnobotany -- history.
_916176
650 _aPhytotherapy. Medicinal plants.
_916177
942 _2z
_cBOOK